Quizzes
Events
Quiz Creation
Community
Videos
Private Events
Remove Ads
Sign In
Join for FREE
Feedback
Dark Mode
Quiz Categories
Sports
Geography
Music
Movies
Television
Just For Fun
Miscellaneous
History
Literature
Language
Science
Gaming
Entertainment
Religion
Holiday
For Kids
Quiz Lab
Recent
Popular Today
Quiz Kudos Today
Editor Picks
Curator Picks
Quizzes by...
Day
Popularity
Type
Ratings
Length
Year
Community
Subscriptions
Recent Discussions
Orange Saloon
Badges
Playlists
Quests
Create
Leaderboards
Showdown
Live 5
Trivia Bingo
Activity
Puzzle Library
Sporcle Events
Private Events
Virtual Trivia
Globe League
Become a Host
Pub Owners
SporcleCon
Opinionation
Our Games
Videos
Blog
Mobile Apps
Partnerships
Remove Ads and Go Orange
Feedback
Geography
Country
Landmarks
City
State
Population
World
Capital
Continent
Flags
Europe
Africa
Asia
South America
North America
Oceania
Border
Canada
United Kingdom
Topography
United States
Geography
Country
Landmarks
City
State
Population
World
Capital
Continent
Flags
Europe
Africa
Asia
South America
North America
Oceania
Border
Canada
United Kingdom
Topography
United States
Random Quiz
Search Sporcle
×
Quiz Lab
Quiz Lab
Geography
counties
Type in answers that appear in a list
Type in answers that appear in a list
Classic
Best Score? Go Orange.
Bergen County Towns Stats
Can you name the 70 towns of Bergen County?
By
rustin313
10m
70 Questions
113 Plays
113 Plays
113 Plays
Comments
Comments
Give Quiz Kudos
Give Quiz Kudos
-
- Ratings
hide this ad
Replay
Link that replays current quiz
Next Quiz
Link to next quiz in quiz playlist
You Got
0%
They Got
Avg Score
62%
Avg Friend Score
Upgrade to see
Score Distribution
Jump to the score distribution portion of the page
Score
0/70
Timer
10:00
0
Plays Today
% Correct
Paramus
92%
Hackensack
85%
Mahwah
79.6%
Alpine
77%
Fair Lawn
76.1%
Fort Lee
76.1%
Teaneck
76.1%
Allendale
75.2%
Englewood
74.3%
Montvale
74.3%
Oradell
73.5%
Ramsey
73.5%
Westwood
73.5%
Ridgewood
72.6%
Tenafly
72.6%
Saddle River
71.7%
Upper Saddle River
70.8%
Edgewater
69.9%
Ho-Ho-Kus
69%
Ridgefield
69%
Wyckoff
69%
Dumont
68.1%
Glen Rock
68.1%
Rutherford
68.1%
Riveredge
67.3%
Bergenfield
66.4%
Closter
66.4%
East Rutherford
66.4%
Park Ridge
66.4%
Bogota
65.5%
Demarest
65.5%
Garfield
65.5%
Ridgefield Park
64.6%
Washington Township
64.6%
Englewood Cliffs
63.7%
% Correct
Franklin Lakes
63.7%
Oakland
63.7%
Old Tappan
63.7%
Hasbrouck Heights
62.8%
Lodi
62.8%
Wood Ridge
62.8%
Hillsdale
61.1%
Cliffside Park
60.2%
Cresskill
60.2%
New Milford
59.3%
Teterboro
59.3%
Emerson
58.4%
Norwood
58.4%
River Vale
58.4%
Leonia
57.5%
Palisades Park
57.5%
Waldwick
57.5%
Carlstadt
56.6%
Saddle Brook
56.6%
Little Ferry
55.8%
Midland Park
55.8%
Northvale
55.8%
Harrington Park
54.9%
Lyndhurst
54.9%
North Arlington
54.9%
Elmwood Park
53.1%
Moonachie
53.1%
South Hackensack
50.4%
Fairview
49.6%
Haworth
49.6%
Wallington
49.6%
Maywood
46.9%
Rochelle Park
43.4%
Woodcliff Lakes
21.2%
Rockley
6.2%
Quiz Playlist
Details
Report
Send in Message
Add To Playlist
Classic:
Type in answers that appear in a list
Quiz Source
Last Updated: Feb 16, 2017
Quiz Scoreboard
CHALLENGE
Sign Up to Join the Scoreboard
Show All
Scores
Hide
Comments
May contain spoilers
Recently Published
Movies - When Are They Set?
by FPL_Elf
Movies
5m
Popular People in 1961
by mucciniale
History
6m
1-10 Letter E Words III
by El_Dandy
Language
2m
More to Explore
Quiz From the Vault
Featured Blog Post
Where Did the Easter Bunny Come From?
hide this ad
You Might Also Like...
Tags
Bergen
counties
Town
Today's Top Quizzes in Geography
Browse Geography
hide this ad
Today's Top Quizzes in counties
Browse counties
Top Contributed Quizzes in Geography
1
Countries of the World - No Outlines Minefield
2
Top 25 Cities of France on a map
3
Closest Countries to UK A-Z
4
One Thing in Common: United Kingdom
5
Any capital of a 'B' country per Continent
6
Blind Secret Country CLXXXVIII
7
African Flag Reveal XLV
8
Blind Ultimate Minefield: USA
9
Find the US States - No Outlines
10
One Thing in Common: Asia
Explore More
Trending Topics
NBA
Kpop
Disney
Crossword
Marvel
Anime
Harry Potter
Soccer
Song
WWE
The Office
Pokémon
NFL
Country
Puzzle
hide this ad
More By:
rustin313
Quiz
Plays
Rating
Category
Featured
Created
Bergen County Towns
113
3.50
Geography
Mar 17, 2010
Go to Creator's Profile
Score Distribution
Quiz Creator Spotlight
rustin313
Follow
Send a Message
Quizzes Created
-
Created Quiz Play Count
-
More By This Creator
Popular Quizzes Today
1
Find the Countries of Europe - No Outlines Minefield
2
Find the US States - No Outlines Minefield
3
The Countries of the World
4
Popular People in 1961
5
US States
6
1-10 Letter E Words III
7
Find the US States
8
One Thing in Common: World Cities II
More Geography Quizzes
Stan or Land?
Curator's Pick
Trending Quizzes
Risky Map Clicking: Least Populous States A-Z
1-10 Letter F Words
1-10 Letter G Words
One Thing in Common: United Kingdom
Risky Map Clicking: Next State Alphabetically
Recently Updated
Leaping Animals
pecheneg
Reality TV Shows (A-Z)
bhenderson79
Rickey Henderson's Hall of Fame Teammates
pecheneg
Champions League XIs: Arsenal
pecheneg
Quick Pick: Celebrities in WWE's Hall of Fame
aduchscher
A-Z Keypad Blitz II
pecheneg
Multiple Oscar Actors
pecheneg
Mystery Phrase Blitz: Oscar 'Best Actors'
pecheneg
F. Scott Fitzgerald Novels
LTH
Pick 3 Villains
ddd62291
Trending Topics
Kpop
Harry Potter
Crossword
Disney
Anime
NBA
Marvel
Soccer
WWE
Song
Country
Pokémon
Puzzle
The Office
NFL
Your Account Isn't Verified!
In order to create a playlist on Sporcle, you need to verify the email address you used during registration. Go to your
Sporcle Settings
to finish the process.
Report this User
Report this user for behavior that violates our
Community Guidelines
.
Details:
Send Report
Go to the Sporcle.com Mobile Site →
Comments